| 000 | 00472nam a2200157Ia 4500 | ||
|---|---|---|---|
| 008 | 160316s1998 xxu||||| |||| 00| 0 eng d | ||
| 082 |
_a343.099800 _bMCQ |
||
| 100 | _aMcquail Denis | ||
| 245 | _aMedia policy convergence, concentration and commerce | ||
| 250 | _a | ||
| 260 |
_aNew Delhi _bSage Publications _c1998 |
||
| 300 |
_a231p _b231p* _c |
||
| 365 | _bRs.1,092 | ||
| 650 | _a1. Mass Media - Policy - Europe - Media - Sociocultural Change | ||
| 700 |
_aSuine Karen _a |
||
| 999 |
_c13070 _d13070 |
||